000 00731nam a2200241Ia 4500
003 GCL
008 140319s9999 xx 000 0 ara d
040 _aGCL /
_cGCL
082 0 4 _a620.137
_bاخ
100 1 _aمحمود حسن متولى
245 1 0 _aخواص وتصميم الخلطات الخرسانية /
_cمحمود حسن متولى
700 1 _aاحمد فهمى عبدالرحمن
260 _a[S.N] :
_bدار الراتب الجامعية ،
_c1985
300 _a227 ص
490 _a
650 0 4 _aالاختيار
650 0 4 _aالانشاءات
650 0 4 _aالخرسانة
650 0 4 _aخلاطات الخرسانة
650 0 4 _aمواصفات
650 0 4 _aالاسمنت
942 _2ddc
_cBK
999 _c53729
_d53729